Normal view
MARC view
- Ahmed Saeed PC syn#16
Entry Personal Name
001 - CONTROL NUMBER
- control field: 50971
003 - CONTROL NUMBER IDENTIFIER
- control field: NUST
005 - DATE AND TIME OF LATEST TRANSACTION
- control field: 20210314134847.0
008 - FIXED-LENGTH DATA ELEMENTS
- fixed length control field: 210314|| aca||aabn | a|a d
040 ## - CATALOGING SOURCE
- Original cataloging agency: NUST
- Transcribing agency: NUST
100 ## - HEADING--PERSONAL NAME
- Personal name: Ahmed Saeed PC syn#16
670 ## - SOURCE DATA FOUND
- Source citation: Work cat.: (NUST): Ahmed Saeed PC syn#16, Designing, estimation and scheduling of 64 x BOQs at risalpur using modern tools, 2016.
